I saw Shakespeare and Romeo / (Record no. 22524)

MARC details
000 -LEADER
fixed length control field 00743nam a22002177a 4500
008 - FIXED-LENGTH DATA ELEMENTS--GENERAL INFORMATION
fixed length control field 090128t xxu||||| |||| 00| 0 eng d
010 ## - LCCN (DPL NO)
LC control number ENG-92661
020 ## - INTERNATIONAL STANDARD BOOK NUMBER
International Standard Book Number 8188492310
Terms of availability 80.00
035 ## - SYSTEM CONTROL NUMBER
System control number EN-76194
037 ## - SOURCE OF ACQUISITION
Source of stock number/acquisition DBAD / PUB
040 ## - CATALOGING SOURCE
Original cataloging agency dpl
Language of cataloging English
082 ## - DEWEY DECIMAL CLASSIFICATION NUMBER
Classification number 884
100 ## - MAIN ENTRY--PERSONAL NAME
Personal name Goswami, Tilakraj
245 ## - TITLE STATEMENT
Title I saw Shakespeare and Romeo /
Statement of responsibility, etc by Tilakraj Goswami
260 ## - PUBLICATION, DISTRIBUTION, ETC. (IMPRINT)
Place of publication, distribution, etc Agra
Name of publisher, distributor, etc Arvind Prakashan
Date of publication, distribution, etc 2007
270 ## - ADDRESS
Address 15/131, Soron Katra, Shahganj
City Agra
Postal code 10
300 ## - PHYSICAL DESCRIPTION
Extent 71p.
Dimensions 22cm (Hb)
650 ## - SUBJECT ADDED ENTRY--TOPICAL TERM
Topical term or geographic name as entry element English language
General subdivision Rhetoric
942 ## - ADDED ENTRY ELEMENTS (KOHA)
Source of classification or shelving scheme Dewey Decimal Classification
Item type English Books
Call number suffix GOS
Classification part 884
Holdings
Withdrawn status Lost status Source of classification or shelving scheme Damaged status Not for loan Collection code Home library Current library Date acquired Source of acquisition Cost, normal purchase price Total Checkouts Full call number Barcode Date last seen Copy number Cost, replacement price Koha item type
    Dewey Decimal Classification   Not For Loan Non-fiction D.B.Act.Division D.B.Act.Division 28/01/2009 DBAD / PUB 80.00   884 GOS EN-76194 28/01/2009 1 80.00 English Books

© Delhi Public Library
Hit Counter
free hit counter